[Event "Open Semana Santa 2023"]
[Site "?"]
[Date "2023.04.06"]
[Round "2.83"]
[White "FM Cappelletto, Joshuaede"]
[Black "Beneyto De Ramon, Guillermo"]
[Result "1/2-1/2"]
[WhiteElo "2266"]
[BlackElo "1953"]
[PlyCount "63"]

1. e4 Nf6 2. e5 Nd5 3. d4 d6 4. Nf3 dxe5 5. Nxe5 c6 6. Be2 Bf5 7. O-O e6 8. a3
Nd7 9. Nf3 Bd6 10. c4 Nf4 11. Nc3 Nxe2+ 12. Qxe2 O-O 13. b3 Bg4 14. Bb2 Bxf3
15. Qxf3 Qh4 16. g3 Qf6 17. Qe2 Qg6 18. Rfe1 Rae8 19. Rad1 f5 20. Qd3 Nf6 21.
Re2 Qh5 22. f3 Qh3 23. f4 Nh5 24. Qe3 Rf6 25. Rf1 Rg6 26. Rg2 Rg4 27. Ne2 g5
28. fxg5 f4 29. Qf3 Rf8 30. Qe4 e5 31. gxf4 Nxf4 32. Nxf4 1/2-1/2

[Event "Open Semana Santa 2023"]
[Site "?"]
[Date "2023.04.06"]
[Round "2.84"]
[White "Hurtado Rueda, Manuel"]
[Black "FM Villuendas Valero, Adrian"]
[Result "0-1"]
[WhiteElo "1951"]
[BlackElo "2262"]
[PlyCount "66"]

1. e4 e6 2. d4 d5 3. exd5 exd5 4. c4 Bb4+ 5. Nc3 Nf6 6. a3 Bxc3+ 7. bxc3 O-O 8.
h3 Re8+ 9. Be3 Ne4 10. Qc1 c5 11. Nf3 Nc6 12. Bd3 cxd4 13. cxd4 Qa5+ 14. Kf1
Bf5 15. Be2 Nc3 16. cxd5 Nxe2 17. Kxe2 Qxd5 18. Qc5 Qd7 19. Rhd1 b6 20. Qc3 Qd5
21. Rac1 Na5 22. Qb4 Be4 23. Rc7 Nc6 24. Qc3 Qd6 25. Rxc6 Bxc6 26. Ne5 Bb5+ 27.
Ke1 Qd5 28. Rc1 f6 29. Nf3 Ba6 30. Qb2 Rac8 31. Rd1 Qc4 32. Nh2 f5 33. g3 Qd5
0-1

[Event "Open Semana Santa 2023"]
[Site "?"]
[Date "2023.04.06"]
[Round "2.85"]
[White "FM Moral Garcia, Serafin"]
[Black "Marin Bellon, Federico"]
[Result "1-0"]
[WhiteElo "2258"]
[BlackElo "1950"]
[PlyCount "66"]

1. e4 c6 2. d4 d5 3. exd5 cxd5 4. c4 Nf6 5. Nc3 Nc6 6. Bg5 dxc4 7. Bxc4 e6 8.
Nf3 Be7 9. O-O O-O 10. Bb3 b6 11. Re1 Bb7 12. a3 Rc8 13. Qd3 Nd5 14. Bc2 g6 15.
Bh6 Re8 16. Ba4 Nxc3 17. bxc3 Bf6 18. Qe3 Qd5 19. Qf4 Bg7 20. Bxg7 Kxg7 21. Re3
f6 22. h4 Re7 23. Rae1 Nd8 24. Bc2 Qa2 25. Bb1 Qxa3 26. h5 Bxf3 27. Rxf3 f5 28.
Qe5+ Kg8 29. hxg6 hxg6 30. d5 Qc5 31. Qf6 Rg7 32. dxe6 Nc6 33. e7 Nxe7 1-0

[Event "Open Semana Santa 2023"]
[Site "?"]
[Date "2023.04.06"]
[Round "2.86"]
[White "FM Garcia Molina, Jose"]
[Black "Crespo Ruiz, Manuel Maria"]
[Result "1-0"]
[WhiteElo "2251"]
[BlackElo "1936"]
[PlyCount "79"]

1. d4 d5 2. c4 e6 3. Nc3 a6 4. cxd5 exd5 5. Bf4 Nf6 6. Nf3 Bd6 7. e3 O-O 8. Bd3
c6 9. O-O Re8 10. Qc2 h6 11. Rab1 Be6 12. Ne5 Qe7 13. Bg3 Ng4 14. Qe2 Nxe5 15.
dxe5 Bc5 16. Bc2 Nd7 17. f4 f5 18. a3 b5 19. b4 Ba7 20. Qd3 Nb6 21. Ne2 Nc4 22.
Nd4 Bxd4 23. exd4 a5 24. Be1 axb4 25. Bxb4 Qd7 26. g4 g6 27. Kf2 Kf7 28. Rg1
Rg8 29. h4 fxg4 30. h5 Qd8 31. hxg6+ Kg7 32. Rh1 Rf8 33. Kg3 Rf5 34. Rh2 Qd7
35. Rbh1 Rh8 36. Rh5 Kxg6 37. Kxg4 Kg7 38. Kg3 Kg6 39. Qf3 Kf7 40. Rxf5+ 1-0

[Event "Open Semana Santa 2023"]
[Site "?"]
[Date "2023.04.06"]
[Round "2.87"]
[White "Mikalsen, Harald"]
[Black "Munoz Avila, Jose Luis"]
[Result "0-1"]
[WhiteElo "1947"]
[BlackElo "2237"]
[PlyCount "96"]

1. e4 d6 2. d4 Nf6 3. Nc3 e5 4. dxe5 dxe5 5. Qxd8+ Kxd8 6. Bg5 Be6 7. O-O-O+
Nbd7 8. Nf3 Bd6 9. Bb5 Kc8 10. Bxf6 Nxf6 11. Ng5 Bc5 12. Nxe6 fxe6 13. f3 c6
14. Bc4 Re8 15. Rd3 b5 16. Bb3 Kc7 17. Rhd1 Re7 18. Ne2 g5 19. a4 a6 20. h3 h5
21. c3 Rh8 22. axb5 cxb5 23. Ba2 a5 24. b4 axb4 25. cxb4 Bxb4 26. Rb3 Bc5 27.
Rxb5 Kc6 28. Bc4 g4 29. Ra5 Rb8 30. Nc3 Bb4 31. Rb5 Rxb5 32. Nxb5 gxf3 33. gxf3
Rb7 34. Kc2 Rxb5 35. Bxb5+ Kxb5 36. Rg1 Kc6 37. Rg6 Be7 38. Kd3 Kd7 39. Rg5 Kd6
40. f4 Nd7 41. Rxh5 exf4 42. Kd4 Bf6+ 43. Kd3 Ne5+ 44. Ke2 Bd8 45. Rh6 Bb6 46.
Rf6 f3+ 47. Kf1 Ke7 48. Rh6 Nc4 0-1

[Event "Open Semana Santa 2023"]
[Site "?"]
[Date "2023.04.06"]
[Round "2.88"]
[White "Correas Gonzalez, Jose Ramon"]
[Black "FM Lozano Ramirez, Nestor Favian"]
[Result "1-0"]
[WhiteElo "1942"]
[BlackElo "2235"]
[PlyCount "101"]

1. e4 g6 2. d4 Bg7 3. Nc3 d6 4. Bg5 Nd7 5. Qd2 a6 6. O-O-O b5 7. h4 h6 8. Be3
Bb7 9. f3 Ngf6 10. Kb1 Nb6 11. Bd3 Nfd7 12. Nce2 c5 13. c3 Qc7 14. h5 g5 15.
Nh3 Nc4 16. Bxc4 bxc4 17. Nf2 Rb8 18. f4 Nf6 19. d5 gxf4 20. Bxf4 Bc8 21. Rh4
Rb5 22. Qe3 Nd7 23. Ng4 Qb6 24. Rd2 Ne5 25. Bxe5 dxe5 26. Qf3 Bf6 27. Nxf6+
Qxf6 28. Qxf6 exf6 29. Ng3 Rg8 30. Nf5 Bxf5 31. exf5 Rg5 32. Rxc4 Rxf5 33. a4
Rb6 34. Rxc5 Kd7 35. Ra5 e4 36. Re2 Rf4 37. Kc2 f5 38. c4 Rd6 39. b4 Kc7 40.
Kc3 Rf1 41. Kd4 Rb1 42. Kc5 Ra1 43. b5 axb5 44. Ra7+ Kb8 45. Kxd6 Kxa7 46. axb5
Ra3 47. c5 e3 48. c6 Kb8 49. b6 Rd3 50. Ke5 f4 51. Kxf4 1-0

[Event "Open Semana Santa 2023"]
[Site "?"]
[Date "2023.04.06"]
[Round "2.90"]
[White "CM Uribe, Jhonny Alberto"]
[Black "Anton Ortiz, Carlos"]
[Result "1-0"]
[WhiteElo "2223"]
[BlackElo "1668"]
[PlyCount "95"]
[EventDate "2023.??.??"]

1. c4 e5 2. e3 d6 3. b3 g6 4. Bb2 Bg7 5. Nf3 Nc6 6. a3 Nh6 7. b4 Nf5 8. g3 a6
9. Qc2 Qe7 10. Nc3 O-O 11. Nd5 Qd8 12. d3 Nfe7 13. Bg2 Nxd5 14. cxd5 Ne7 15.
Nd2 f5 16. Rc1 f4 17. exf4 exf4 18. Bxg7 Kxg7 19. Qxc7 Bf5 20. Qxd8 Raxd8 21.
Be4 Rd7 22. O-O Bh3 23. Rfe1 Bg4 24. Kg2 g5 25. h3 Bh5 26. Nc4 b5 27. Nd2 Bf7
28. Bf3 Bxd5 29. Rxe7+ Rxe7 30. Bxd5 fxg3 31. Kxg3 Rf4 32. Nf3 h6 33. Be4 Rd7
34. Bd5 a5 35. d4 axb4 36. axb4 Rf8 37. Rc6 Rf6 38. Rb6 Rc7 39. Bc6 d5 40. Ne5
Rf4 41. Rxb5 Rxd4 42. Bxd5 Rc3+ 43. Kg2 Rc2 44. Nf3 Rf4 45. Rb7+ Kg6 46. Ne5+
Kf6 47. Ng4+ Kg6 48. Bf7+ 1-0

[Event "Open Semana Santa 2023"]
[Site "?"]
[Date "2023.04.06"]
[Round "2.91"]
[White "Ruiz De Leon Merlo, Esther"]
[Black "FM Martin Barcelo, Carles"]
[Result "1/2-1/2"]
[WhiteElo "1721"]
[BlackElo "2222"]
[Annotator "Usuario"]
[PlyCount "42"]

1. e4 c6 2. d4 d5 3. e5 c5 4. dxc5 e6 5. Bd3 Nc6 6. Nf3 Bxc5 7. O-O Nge7 8. Re1
Ng6 9. a3 a6 10. b4 Ba7 11. Bb2 O-O 12. Nbd2 Qb6 13. Rf1 Bd7 14. c4 Rad8 15. b5
axb5 16. cxb5 Nce7 17. Bd4 Qa5 18. Nb3 Qa4 19. Nc5 Qxd1 20. Rfxd1 Bxc5 21. Bxc5
Rc8 $11 1/2-1/2

[Event "Open Semana Santa 2023"]
[Site "?"]
[Date "2023.04.06"]
[Round "2.92"]
[White "Perez Pinazo, Jose Oscar"]
[Black "CM Ribera Veganzones, Josep Maria"]
[Result "0-1"]
[WhiteElo "1612"]
[BlackElo "2221"]
[PlyCount "38"]

1. d4 Nf6 2. Bf4 g6 3. Nc3 d5 4. f3 c5 5. e3 Bg7 6. Bb5+ Bd7 7. Bxb8 Rxb8 8.
Bxd7+ Qxd7 9. dxc5 O-O 10. Nge2 Rbc8 11. O-O Rxc5 12. e4 dxe4 13. fxe4 Qc7 14.
Rf3 b5 15. Nf4 e6 16. Nd3 Rc4 17. Qf1 b4 18. e5 Ne4 19. Nxe4 Rxe4 0-1

[Event "Open Semana Santa 2023"]
[Site "?"]
[Date "2023.04.06"]
[Round "2.93"]
[White "FM Hernandez Leon, Alberto"]
[Black "Pintor Avila, Antonio"]
[Result "1-0"]
[WhiteElo "2218"]
[BlackElo "1656"]
[PlyCount "53"]

1. d4 d5 2. c4 e6 3. Nf3 Nf6 4. g3 Be7 5. Bg2 O-O 6. O-O b6 7. cxd5 exd5 8. Nc3
Bb7 9. Ne5 Nbd7 10. Qa4 c5 11. Nxd7 Qxd7 12. Qxd7 Nxd7 13. Bxd5 Bxd5 14. Nxd5
Bd6 15. dxc5 Nxc5 16. Bf4 Bxf4 17. Nxf4 Rfe8 18. e3 Ne6 19. Nxe6 Rxe6 20. Rac1
Re7 21. Rc6 Rd8 22. Rfc1 f6 23. R1c2 Kf7 24. Kf1 Red7 25. Ke2 Ke7 26. h4 Rd6
27. Rxd6 1-0

[Event "Open Semana Santa 2023"]
[Site "?"]
[Date "2023.04.06"]
[Round "2.94"]
[White "Menendez Osorio, Carmen"]
[Black "Perea Fruet, Lorenzo"]
[Result "0-1"]
[WhiteElo "1581"]
[BlackElo "2217"]
[PlyCount "68"]

1. d4 Nf6 2. c4 d6 3. Nf3 g6 4. g3 Bg7 5. Bg2 O-O 6. O-O Bf5 7. Nc3 Ne4 8. Qb3
Nxc3 9. bxc3 Bc8 10. Nd2 Nc6 11. e4 Na5 12. Qc2 b6 13. Bb2 Ba6 14. Qd3 Qd7 15.
Rfe1 Qa4 16. Bf1 Rab8 17. Rac1 c5 18. Qc2 Qd7 19. Rcd1 cxd4 20. cxd4 Rfc8 21.
Qb1 Nxc4 22. Nxc4 Bxc4 23. Bg2 Qa4 24. a3 Bb3 25. Rd2 Rc2 26. Ree2 Rbc8 27.
Rxc2 Bxc2 28. Qc1 Rc4 29. Qa1 e6 30. h4 h5 31. Kh2 Bh6 32. Qa2 Bd3 33. Re1 Rc2
34. f4 Qb5 0-1

[Event "Open Semana Santa 2023"]
[Site "?"]
[Date "2023.04.06"]
[Round "2.94"]
[White "FM Yurkovskiy, Ivan"]
[Black "Advaitt Srikant Koduri"]
[Result "1-0"]
[WhiteElo "2216"]
[BlackElo "1630"]
[Annotator "Usuario"]
[PlyCount "159"]

1. c4 c5 2. g3 Nc6 3. Bg2 g6 4. Nc3 Bg7 5. e3 Nf6 6. Nge2 O-O 7. O-O d6 8. d4
Na5 9. b3 Bd7 10. e4 cxd4 11. Nxd4 Nc6 12. Nde2 Qc8 13. Re1 Ne5 14. Nf4 Bc6 15.
Rb1 b6 16. h3 Qb7 17. Bb2 Rfd8 18. Kh2 e6 19. Qe2 Rac8 20. Rbd1 a6 $11 21. a4
Ne8 22. Nd3 Nxd3 23. Rxd3 Rd7 24. f4 Rcd8 25. h4 Nc7 26. Bh3 b5 27. axb5 axb5
28. Nd1 Bxb2 29. Nxb2 Re8 30. Bg2 b4 31. Red1 Red8 32. h5 Na6 33. h6 Nc5 34.
Re3 f6 35. Nd3 Kf7 36. Nf2 f5 37. exf5 Bxg2 38. fxe6+ Nxe6 39. Ng4 Re7 40. Re1
Rde8 41. Qb2 Kg8 42. Nf6+ Kf8 43. Nxe8 Kxe8 44. Qxg2 Qxg2+ 45. Kxg2 Kd7 46. Kf2
Re8 47. Ra1 Rf8 48. Ra7+ Nc7 49. Rb7 Kc6 50. Rxb4 g5 51. Rf3 g4 52. Re3 Rf6 53.
Ra4 Rxh6 54. Kg2 Rf6 55. Ra5 Kb6 56. Rg5 h6 57. Rxg4 Kc5 58. Rg7 Na6 59. Rge7
h5 60. Kh3 Nb4 61. R3e6 Rf5 62. Rg6 Nd3 63. Rg5 Rxg5 64. fxg5 Ne5 65. Rxe5+
dxe5 66. g6 Kb4 67. g7 h4 68. gxh4 Kxb3 69. c5 e4 70. g8=Q+ Kb4 71. Qe6 Kxc5
72. Qxe4 Kb6 73. Qc4 Ka7 74. Qb5 Ka8 75. Kg4 Ka7 76. Kf5 Ka8 77. Ke6 Ka7 78.
Kd7 Ka8 79. Kc7 Ka7 80. Qb7# 1-0

[Event "Open Semana Santa 2023"]
[Site "?"]
[Date "2023.04.06"]
[Round "2.96"]
[White "Yurkovskaya, Yana"]
[Black "WIM Sharma Isha"]
[Result "0-1"]
[WhiteElo "1578"]
[BlackElo "2216"]
[PlyCount "65"]

1. c4 e5 2. Nc3 Nf6 3. g3 d5 4. cxd5 Nxd5 5. Bg2 Nb6 6. b3 Be7 7. Bb2 O-O 8.
Nf3 Nc6 9. O-O Re8 10. Rc1 f5 11. d3 Bf6 12. Qc2 Be6 13. Rfd1 g5 14. d4 e4 15.
d5 Nb4 16. Qb1 N6xd5 17. Nxd5 Nxd5 18. Nd4 c6 19. f3 Qb6 20. fxe4 Ne3 21. exf5
Nxd1 22. Rxd1 Bf7 23. Kf1 Rad8 24. e3 c5 25. Ne6 Rxd1+ 26. Qxd1 Bxb2 27. Qd7
Qa6+ 28. Kg1 Qe2 29. Bd5 Qxe3+ 30. Kg2 Qe2+ 31. Kg1 Rxe6 32. Bxe6 Bd4+ 33. Kh1
0-1

[Event "Open Semana Santa 2023"]
[Site "?"]
[Date "2023.04.06"]
[Round "2.97"]
[White "Hladiy, Mark"]
[Black "Bermejo Martinez, Jorge"]
[Result "0-1"]
[WhiteElo "1559"]
[BlackElo "2215"]
[PlyCount "40"]

1. e4 c5 2. Nf3 g6 3. c3 Bg7 4. d4 cxd4 5. cxd4 d5 6. e5 Nc6 7. Nc3 f6 8. Bb5
a6 9. Qa4 Bd7 10. Nxd5 Nxe5 11. Bxd7+ Nxd7 12. Bf4 Rc8 13. O-O e6 14. Qb3 exd5
15. Rfe1+ Ne7 16. Bd6 Bf8 17. Qxd5 Ne5 18. dxe5 Nxd5 19. exf6+ Kf7 20. Ng5+
Kxf6 0-1

[Event "Open Semana Santa 2023"]
[Site "?"]
[Date "2023.04.06"]
[Round "2.98"]
[White "Aarav Sarbalia"]
[Black "FM Garcia Gimenez, Santiago"]
[Result "0-1"]
[WhiteElo "1478"]
[BlackElo "2210"]
[PlyCount "104"]

1. e4 e5 2. Nf3 Nc6 3. Bc4 Bc5 4. c3 Nf6 5. d3 d6 6. O-O O-O 7. Bb3 h6 8. Re1
a6 9. h3 Ba7 10. Nbd2 Be6 11. Nf1 Qd7 12. Ne3 Rfe8 13. a4 Rad8 14. Bc2 d5 15.
Qe2 d4 16. Nf1 Nh5 17. Nh4 Nf4 18. Bxf4 exf4 19. Nf3 Bxh3 20. gxh3 Qxh3 21.
N1h2 Ne5 22. Kh1 Ng4 23. Rg1 Rxe4 24. Qf1 Qxf1 25. Raxf1 Nxh2 26. Kxh2 Re2 27.
Bd1 Rxb2 28. Nxd4 Bxd4 29. cxd4 Rxd4 30. Kg2 Rxd3 31. Bf3 Rdd2 32. Kh3 g5 33.
Kg4 b6 34. Bb7 Rxf2 35. Rxf2 Rxf2 36. Bxa6 Rc2 37. Bd3 Rc3 38. Be2 Kg7 39. Kf5
Rc5+ 40. Ke4 f5+ 41. Kf3 Rc3+ 42. Kf2 Kg6 43. Rd1 g4 44. Rd8 f3 45. Bd3 Rc5 46.
Kg3 h5 47. Rg8+ Kf6 48. Rf8+ Ke6 49. Rh8 Rc3 50. Bb1 f4+ 51. Kxf4 f2 52. Rh6+
Ke7 0-1

[Event "Open Semana Santa 2023"]
[Site "?"]
[Date "2023.04.06"]
[Round "2.99"]
[White "Prieto Sanchez, Manuel"]
[Black "Revaliente Montoya, Ciro"]
[Result "0-1"]
[WhiteElo "1430"]
[BlackElo "2203"]
[PlyCount "50"]

1. e4 c5 2. Nf3 Nc6 3. d4 cxd4 4. Nxd4 Qb6 5. Nxc6 bxc6 6. Be2 Nf6 7. Nc3 d6 8.
O-O g6 9. Rb1 Bg7 10. Be3 Qc7 11. f3 O-O 12. Qd2 Rd8 13. Rfd1 Bb7 14. Qe1 d5
15. exd5 Nxd5 16. Nxd5 cxd5 17. c3 e5 18. Qf2 Qd6 19. Bc5 Qe6 20. Bxa7 d4 21.
Bc5 Rac8 22. Bb4 Qxa2 23. cxd4 exd4 24. Bd3 Bh6 25. Ba3 Be3 0-1

[Event "Open Semana Santa 2023"]
[Site "?"]
[Date "2023.03.06"]
[Round "2.100"]
[White "Kocharin, Timur"]
[Black "Kiryttopoulos, Ioannis"]
[Result "1-0"]
[WhiteElo "2203"]
[BlackElo "1620"]
[PlyCount "61"]

1. d4 Nf6 2. c4 e6 3. Nc3 Bb4 4. Qc2 O-O 5. a3 Bxc3+ 6. Qxc3 d5 7. Nf3 dxc4 8.
Qxc4 b6 9. Bg5 Ba6 10. Qa4 h6 11. Bh4 Qd7 12. Qc2 Nh5 13. Rd1 Nc6 14. e3 Bxf1
15. Kxf1 g5 16. Bg3 Rac8 17. Rc1 Ne7 18. Ne5 Qb5+ 19. Qe2 Qxe2+ 20. Kxe2 Nd5
21. Nc6 f5 22. Nxa7 f4 23. Nxc8 fxg3 24. hxg3 Nhf6 25. Na7 Ne4 26. Rhf1 Rf7 27.
Nb5 g4 28. Nc3 Nexc3+ 29. bxc3 e5 30. c4 Ne7 31. Rfd1 1-0

[Event "Open Semana Santa 2023"]
[Site "?"]
[Date "2023.04.06"]
[Round "2.101"]
[White "Vallina Menendez, Marcos"]
[Black "FM Bettalli, Francesco"]
[Result "0-1"]
[WhiteElo "1377"]
[BlackElo "2200"]
[PlyCount "50"]

1. e4 g6 2. Nf3 Bg7 3. Bc4 c5 4. O-O Nc6 5. Nc3 d6 6. a3 Nf6 7. d4 cxd4 8. Nxd4
O-O 9. Re1 Bd7 10. h3 Rc8 11. Be3 Nxd4 12. Qxd4 Ng4 13. Qd5 Nxe3 14. Rxe3 Be6
15. Qxb7 Rxc4 16. Nd5 Bxd5 17. exd5 Rc7 18. Qb3 Qb8 19. Qd3 Qxb2 20. Rae1 Rxc2
21. Rxe7 Rxf2 22. R7e2 Rxe2 23. Rxe2 Qc1+ 24. Kh2 Be5+ 25. g3 Rc8 0-1

[Event "Open Semana Santa 2023"]
[Site "?"]
[Date "2023.04.06"]
[Round "2.102"]
[White "CM Balague Camps, Marc"]
[Black "Callealta, Andres"]
[Result "1-0"]
[WhiteElo "2197"]
[BlackElo "1601"]
[Annotator "Usuario"]
[PlyCount "61"]

1. d4 Nf6 2. c4 d6 3. Nc3 Nbd7 4. e4 e5 5. d5 g6 6. Be2 Nc5 7. Qc2 a5 8. Nf3
Bg7 9. O-O O-O 10. Ne1 Qe8 11. Be3 Nfd7 12. Nb5 Qd8 13. Rd1 f5 14. exf5 gxf5
15. f4 Ne4 16. Nd3 Ndf6 17. fxe5 dxe5 18. Nxe5 Qe7 19. Bd4 Nxd5 20. cxd5 Bxe5
21. Bxe5 Qxe5 22. Nxc7 Rb8 23. Bf3 Bd7 24. Bxe4 fxe4 25. Rfe1 Rbc8 26. d6 Bg4
$11 27. Rxe4 Rxc7 28. dxc7 Qf5 29. Qc4+ Kh8 30. Qd4+ Kg8 31. Rxg4+ 1-0

[Event "Open Semana Santa 2023"]
[Site "?"]
[Date "2023.04.06"]
[Round "2.104"]
[White "Tamiolakis, Grigorios"]
[Black "GM Ubilava, Elizbar"]
[Result "0-1"]
[WhiteElo "1272"]
[BlackElo "2435"]
[PlyCount "54"]

1. e4 c5 2. Nf3 d6 3. c3 Nf6 4. Be2 g6 5. O-O Bg7 6. Re1 O-O 7. Bf1 Bg4 8. d4
cxd4 9. cxd4 Nc6 10. d5 Ne5 11. Be2 Bxf3 12. Bxf3 Rc8 13. Nc3 Nxf3+ 14. Qxf3
Nd7 15. Bf4 Qa5 16. Rec1 Qb4 17. Rab1 Nc5 18. a3 Qc4 19. Ne2 Qxe4 20. Qxe4 Nxe4
21. Rxc8 Rxc8 22. Rc1 Rxc1+ 23. Bxc1 Nc5 24. b4 Na4 25. Kf1 a6 26. Ke1 Nb6 27.
Nf4 g5 0-1

[Event "Open Semana Santa 2023"]
[Site "?"]
[Date "2023.04.06"]
[Round "2.105"]
[White "GM Chigaev, Maksim"]
[Black "Valiente Uruena, Sergio"]
[Result "1-0"]
[WhiteElo "2617"]
[BlackElo "1790"]
[PlyCount "83"]
[EventDate "2023.??.??"]

1. e4 c5 2. Nc3 e6 3. Nf3 a6 4. g3 b5 5. Bg2 Bb7 6. d4 cxd4 7. Nxd4 Nf6 8. O-O
b4 9. Nd5 exd5 10. exd5 Bc5 11. Re1+ Kf8 12. Bf4 d6 13. Nb3 Nbd7 14. Nxc5 Nxc5
15. a3 a5 16. axb4 axb4 17. Rxa8 Bxa8 18. Qa1 Bb7 19. Qa7 h6 20. Be3 Nfd7 21.
Bf4 Nf6 22. Be3 Nfd7 23. Bd2 Qb6 24. Qxb6 Nxb6 25. Bxb4 Nxd5 26. Bxc5 dxc5 27.
Rd1 Ke7 28. Bxd5 Bxd5 29. Rxd5 Rc8 30. b3 Ke6 31. Rd3 Ra8 32. Re3+ Kd5 33. g4
Ra2 34. h4 g5 35. h5 f5 36. gxf5 Ra6 37. Kg2 Rf6 38. Rf3 Ke4 39. Kg3 Kd5 40.
Kg4 Ke4 41. Re3+ Kd5 42. f4 1-0

[Event "Open Semana Santa 2023"]
[Site "?"]
[Date "2023.04.06"]
[Round "2.106"]
[White "GM Cuenca Jimenez, Jose Fernando"]
[Black "Sarto Ramos, Angel"]
[Result "1-0"]
[WhiteElo "2553"]
[BlackElo "1750"]
[PlyCount "75"]
[EventDate "2023.??.??"]

1. d4 g6 2. c4 Bg7 3. Nc3 c6 4. e4 d6 5. Be3 Nd7 6. Nf3 Qa5 7. Be2 Ngf6 8. O-O
O-O 9. a3 e5 10. d5 c5 11. Ne1 a6 12. Nd3 b5 13. b4 Qc7 14. bxc5 bxc4 15. cxd6
Qxd6 16. Nb2 Ne8 17. Nxc4 Qf6 18. Qd2 Nd6 19. Na5 Qh4 20. Bg5 Nxe4 21. Bxh4
Nxd2 22. Rfd1 e4 23. Rac1 Bd4 24. Rc2 e3 25. fxe3 Bxe3+ 26. Bf2 Bh6 27. Be1
Be3+ 28. Bf2 Bh6 29. d6 Kg7 30. Rcxd2 Bxd2 31. Rxd2 Kh8 32. h3 Ne5 33. Nd5 Kg7
34. Nc7 Rb8 35. Kh2 Rd8 36. Bd4 f6 37. Bxe5 fxe5 38. Nc6 1-0

[Event "Open Semana Santa 2023"]
[Site "?"]
[Date "2023.04.06"]
[Round "2.107"]
[White "IM Martin Duque, Jesus"]
[Black "Sanchez Peral, Pedro"]
[Result "1-0"]
[WhiteElo "2386"]
[BlackElo "1761"]
[PlyCount "147"]
[EventDate "2023.??.??"]

1. Nf3 Nf6 2. b3 d5 3. Bb2 c5 4. e3 Nc6 5. Bb5 Bd7 6. O-O e6 7. c4 Be7 8. cxd5
exd5 9. d4 O-O 10. dxc5 Bxc5 11. Nc3 a6 12. Be2 Be6 13. Rc1 Ba7 14. Na4 Qe7 15.
Nd4 Nxd4 16. Bxd4 b5 17. Bc5 Bxc5 18. Nxc5 Rfc8 19. Qd4 Nd7 20. b4 Nxc5 21.
Rxc5 Rxc5 22. bxc5 Rc8 23. Rc1 Rc6 24. Bf3 Qd7 25. h4 h6 26. g3 Rc8 27. Be2 Qb7
28. Bd3 Bd7 29. Bb1 Qc6 30. a3 Be6 31. Qd3 g6 32. Qd4 h5 33. Bd3 Qb7 34. Bf1
Bd7 35. Bg2 Bc6 36. Rd1 Qe7 37. Rc1 Rd8 38. Qb4 Rc8 39. Rd1 Qb7 40. Rd4 Re8 41.
Qb3 Re5 42. Rf4 Qe7 43. Qb4 f5 44. Rd4 Kf7 45. Kh2 Kf6 46. Rd2 Kf7 47. Qd4 a5
48. Qc3 a4 49. Qd4 Qe6 50. Rd3 Qe7 51. Kg1 Qf6 52. Rd1 Qe7 53. Rb1 Qe6 54. Rb4
Qe7 55. Rb2 Qe6 56. Rc2 Qe7 57. Rc3 Qe6 58. f4 Re4 59. Bxe4 fxe4 60. Rc2 Qg4
61. Rg2 Qf3 62. Kh2 Qg4 63. Qe5 Qf5 64. Qc7+ Qd7 65. Qxd7+ Bxd7 66. Rd2 Ke6 67.
g4 hxg4 68. Kg3 Bc6 69. Kxg4 Kf6 70. f5 gxf5+ 71. Kf4 Ke6 72. h5 Be8 73. h6 Kf6
74. Rg2 1-0

[Event "Open Semana Santa 2023"]
[Site "?"]
[Date "2023.04.06"]
[Round "2.108"]
[White "Munoz Osete, Marcos"]
[Black "IM Quintin Navarro, Alberto"]
[Result "0-1"]
[WhiteElo "1743"]
[BlackElo "2370"]
[PlyCount "96"]

1. d4 Nf6 2. c4 e6 3. Nc3 Bb4 4. f3 d5 5. a3 Be7 6. cxd5 exd5 7. e3 O-O 8. Bd3
c5 9. Nge2 Nc6 10. Bc2 Rb8 11. dxc5 Bxc5 12. O-O a6 13. b4 Ba7 14. Nd4 Re8 15.
Nce2 Ne5 16. Bb3 Bd7 17. Nc3 Nc6 18. Nce2 Rc8 19. Nxc6 bxc6 20. Nd4 c5 21. bxc5
Bxc5 22. Ba4 Qb6 23. Bxd7 Nxd7 24. Nc2 Bd6 25. Nb4 Nf6 26. Nxd5 Nxd5 27. Qxd5
Rc2 28. Kh1 Rec8 29. Rd1 Bb8 30. Bd2 Qc7 31. f4 Rd8 32. Qa5 Rcxd2 33. Qxd2 Rxd2
34. Rxd2 h5 35. Rad1 Ba7 36. Rd8+ Kh7 37. R8d7 Qc2 38. R1d2 Qc4 39. Rd1 Bxe3
40. f5 Bc5 41. f6 gxf6 42. R7d5 Kg6 43. R5d3 h4 44. Rf3 f5 45. Rdf1 Qd5 46. h3
Kg5 47. Kh2 f4 48. Kh1 Be3 0-1

[Event "Open Semana Santa 2023"]
[Site "?"]
[Date "2023.04.06"]
[Round "2.109"]
[White "FM Carbonell Sancho, Marc"]
[Black "Domenech Briz, Jose"]
[Result "1-0"]
[WhiteElo "2346"]
[BlackElo "1692"]
[PlyCount "41"]

1. e4 c5 2. Nf3 d6 3. d4 cxd4 4. Nxd4 Nf6 5. Nc3 a6 6. Bg5 e5 7. Nf5 Bxf5 8.
exf5 Nbd7 9. Be2 Be7 10. Bf3 Qb6 11. Qd2 Rc8 12. O-O-O O-O 13. g4 Qa5 14. Bxf6
Bxf6 15. g5 Bd8 16. Rhg1 Nc5 17. Bd5 b5 18. g6 b4 19. gxf7+ Kh8 20. Rxg7 bxc3
21. Rg8+ 1-0

[Event "Open Semana Santa 2023"]
[Site "?"]
[Date "2023.04.06"]
[Round "2.110"]
[White "FM Habans Aguerre, Javier"]
[Black "Benet Saniger, Xavier"]
[Result "1-0"]
[WhiteElo "2343"]
[BlackElo "1682"]
[PlyCount "47"]
[EventDate "2023.??.??"]

1. d4 e6 2. c4 f5 3. Nc3 Nf6 4. a3 a5 5. Nf3 b6 6. g3 Be7 7. Bg2 Bb7 8. O-O O-O
9. d5 Na6 10. Nd4 Nc5 11. Qc2 exd5 12. cxd5 g6 13. Bf4 a4 14. Rfd1 Nh5 15. Bh6
Re8 16. e4 fxe4 17. Nxe4 Nxe4 18. Bxe4 Bf6 19. Bxg6 hxg6 20. Qxg6+ Ng7 21. Nf5
Re7 22. Qxf6 Nxf5 23. Qxf5 Rf7 24. Qg6+ 1-0

[Event "Open Semana Santa 2023"]
[Site "?"]
[Date "2023.05.09"]
[Round "2.111"]
[White "Herraiz Gomez, Iker"]
[Black "IM Campos Gambuti, Luis Maria"]
[Result "0-1"]
[WhiteElo "1668"]
[BlackElo "2311"]
[PlyCount "104"]

1. e4 d5 2. exd5 Qxd5 3. Nc3 Qd6 4. d4 Nf6 5. Nf3 a6 6. g3 b5 7. Bg2 Bb7 8. O-O
e6 9. Bf4 Qb6 10. a4 Bd6 11. Be3 c5 12. axb5 axb5 13. Rxa8 Bxa8 14. Qe2 Bc6 15.
Ra1 O-O 16. dxc5 Bxc5 17. Bxc5 Qxc5 18. Qe5 Qb6 19. Qd4 Nbd7 20. Qxb6 Nxb6 21.
Ne5 Bxg2 22. Kxg2 b4 23. Nb5 Nfd5 24. c4 bxc3 25. bxc3 f6 26. Nf3 Rc8 27. Ra6
e5 28. Nd2 h5 29. h4 Rc6 30. c4 Nxc4 31. Ra8+ Kh7 32. Nxc4 Rxc4 33. Nd6 Rc7 34.
Ra5 Nc3 35. Ra6 Kg6 36. Kf3 Nd5 37. Ra5 Ne7 38. Ke4 Ng8 39. f3 Nh6 40. Ra6 Rc1
41. f4 Re1+ 42. Kf3 exf4 43. Kxf4 Rf1+ 44. Ke4 Re1+ 45. Kf4 Re6 46. Rb6 Nf5 47.
Nc4 Re1 48. Rb3 Rc1 49. Nd2 Nh6 50. Rf3 Ng4 51. Rf1 Rc2 52. Ne4 Rc4 0-1

[Event "Open Semana Santa 2023"]
[Site "?"]
[Date "2023.04.06"]
[Round "2.112"]
[White "Bocos Delgado, Jon"]
[Black "WFM Prado Acebo, Ines"]
[Result "0-1"]
[WhiteElo "1654"]
[BlackElo "2226"]
[PlyCount "82"]

1. d4 Nf6 2. c4 e6 3. Nc3 Bb4 4. Qc2 O-O 5. a3 Bxc3+ 6. Qxc3 d5 7. Nf3 dxc4 8.
Qxc4 b6 9. g3 Bb7 10. Bg2 Bd5 11. Qc2 Nc6 12. O-O Bxf3 13. exf3 Nxd4 14. Qa4 c5
15. f4 Qe8 16. Qa6 Nd5 17. Rd1 Qc8 18. Qc4 b5 19. Qa2 Rd8 20. Be3 Nc2 21. Rac1
Ncxe3 22. fxe3 c4 23. Rd4 Qc5 24. Rcd1 Re8 25. Kf2 Rac8 26. Qb1 Nf6 27. Bh3 Qh5
28. Bg2 Ng4+ 29. Ke2 Qxh2 30. Kf3 Qh5 31. Rh1 Qf5 32. e4 Qf6 33. Rdd1 Ne5+ 34.
Ke2 Nd3 35. Ke3 e5 36. f5 Qb6+ 37. Kf3 Qf2+ 38. Kg4 Qxg2 39. Rde1 Nf2+ 40. Kh4
Nxh1 41. Rxh1 Rc6 0-1

[Event "Open Semana Santa 2023"]
[Site "?"]
[Date "2023.04.06"]
[Round "2.113"]
[White "Cesar Maestre, Eduardo"]
[Black "Kolas, Tore"]
[Result "1/2-1/2"]
[WhiteElo "1649"]
[BlackElo "2159"]
[PlyCount "88"]
[EventDate "2023.??.??"]

1. e4 c5 2. g3 d5 3. exd5 Qxd5 4. Nf3 Bg4 5. Bg2 Qe6+ 6. Kf1 Bh3 7. Nc3 Nc6 8.
d3 Bxg2+ 9. Kxg2 Qd7 10. Be3 e5 11. Re1 Be7 12. Ne4 b6 13. Qe2 h5 14. h4 Nh6
15. Bxh6 Rxh6 16. Nc3 Re6 17. Qe4 g6 18. Qd5 O-O-O 19. Qxd7+ Rxd7 20. Re2 f6
21. Rae1 Nd4 22. Nxd4 cxd4 23. Ne4 Rc6 24. Rc1 Bf8 25. f4 Bh6 26. Kf3 Rdc7 27.
c4 dxc3 28. Rxc3 Rxc3 29. Nxc3 Rd7 30. fxe5 fxe5 31. Rxe5 Rxd3+ 32. Kg2 Kd7 33.
Rd5+ Rxd5 34. Nxd5 Ke6 35. Nf4+ Bxf4 36. gxf4 b5 37. Kf3 Kf5 38. b4 Kf6 39. Ke3
Ke7 40. Kd3 Kf6 41. Ke3 Kf5 42. Kf3 Ke6 43. Ke4 Kf6 44. Ke3 Kf5 1/2-1/2